000 00578nam a2200193 4500
001 111498
003 ES-MaACL
005 20231205204442.0
007 t|
008 061121s1958 sp r ||||1| spa d
100 1 _aNamora, Fernando.
_984891
245 1 3 _aLa llanura de fuego
_b: novela /
_cFernando Namora ; [ traducción Rafael Morales].
250 _a[1ª ed.].
260 _aBarcelona :
_bNoguer,
_c1958.
300 _a236 p. ;
_c20 cm.
700 1 _aMorales, Rafael,
_d1919-2005
_983007
852 _aES-MaACL
_jC-14251
_bR.42174
999 _c111498
_d111498